Normal view
MARC view
- Betounes, David
Entry Personal Name
001 - CONTROL NUMBER
- control field: 64987
003 - CONTROL NUMBER IDENTIFIER
- control field: NUST
005 - DATE AND TIME OF LATEST TRANSACTION
- control field: 20210628203349.0
008 - FIXED-LENGTH DATA ELEMENTS
- fixed length control field: 210628|| aca||aabn | a|a d
040 ## - CATALOGING SOURCE
- Original cataloging agency: NUST
- Transcribing agency: NUST
100 ## - HEADING--PERSONAL NAME
- Personal name: Betounes, David
670 ## - SOURCE DATA FOUND
- Source citation: Work cat.: (NUST): Betounes, David, Differential equations, theory and applications with maple, 2001
